| 000 | 00674nam a22002057a 4500 | ||
|---|---|---|---|
| 003 | 0 | ||
| 005 | 20251020084135.0 | ||
| 008 | 251020b xxu||||| |||| 00| 0 eng d | ||
| 020 | _a979-8-88836-808-4 | ||
| 050 |
_aQA 303.2 _b.M33 2025 |
||
| 100 |
_aMcCormack, Karson, _eauthor. |
||
| 245 |
_aIntroductory calculus : _bdifferentiation and integration / _cKarson McCormack. |
||
| 260 |
_aNew York, NY : _bLarsen and Keller Education, _c2025. |
||
| 300 |
_avi, 253 pages : _billustrations ; _c27 cm. |
||
| 504 | _aIncludes bibliographical references and index. | ||
| 650 | _aCalculus. | ||
| 650 | _aDifferential calculus. | ||
| 650 | _aCalculus, Integral. | ||
| 942 |
_2lcc _cBC |
||
| 999 |
_c368277 _d368277 |
||